30 Największych Miast Europy Zachodniej - Statystyki

Ogólne statystyki
  • Ten quiz został rozwiązany 42 razy
    17 od ostatniego zresetowania
  • Średni wynik to 21 z 30
Odpowiedzi na mapie
Odpowiedzi zakodowano w zielono-czerwonej skali na mapie do tego quizu, zgodnie z poniższymi procentami.
 
Statystyki odpowiedzi
Państwo Odpowiedź Populacja % Poprawnych
Niderlandy Amsterdam 1,1 mln
100%
Francja Bordeaux 265k
100%
Francja Lyon 520k
100%
Francja Marsylia 870k
100%
Francja Nicea 350k
100%
Francja Paryż 2,1 mln
100%
Belgia Bruksela 1,9 mln
94%
Niderlandy Haga 850k
94%
Niderlandy Rotterdam 870k
94%
Francja Tuluza 500k
94%
Szwajcaria Zurych 430k
94%
Belgia Antwerpia 1 mln
88%
Szwajcaria Genewa 210k
88%
Belgia Gent 430k
81%
Francja Strasburg 290k
81%
Francja Lille 240k
75%
Francja Nantes 325k
75%
Niderlandy Eindhoven 320k
69%
Niderlandy Utrecht 400k
69%
Belgia Liege 550k
63%
Francja Montpellier 310k
63%
Niderlandy Groningen 220k
50%
Belgia Charleroi 360k
44%
Francja Rennes 230k
38%
Niderlandy Haarlem 210k
25%
Belgia Mons 210k
25%
Niderlandy Dordrecht 220k
19%
Belgia Kortrijk 220k
19%
Niderlandy Lejda 270k
19%
Niderlandy Tilburg 220k
19%
Nie znaleziono quizów pasujących do podanych kryteriów
Rozkład punktacji
Procent ludzi z każdym wynikiem
Percentyl według liczby udzielonych odpowiedzi
Twoja historia wyników
Nie rozwiązałeś tego quizu od ostatniego zresetowania